Statistics for 7-letter word scrambles

Click here to take the quiz!

General Stats

  • This quiz has been taken 495 times
  • The average score is 5 of 20

Answer Stats

Hint Answer % Correct
ACJKOPTJackpot
96%
AEEFRWYFreeway
55%
IKLNRWYWrinkly
38%
EFGORSTForgets
38%
ABINORWRainbow
37%
AHNOOPRHarpoon
26%
ABEJNOSBanjoes
25%
ADEGLPUPlagued
24%
HIMPRTUTriumph
22%
CEFINSTInfects
19%
CDEILSUSluiced
19%
IKMOOSTMistook
15%
AEHIMMRHammier
14%
AABLMSYAbysmal
12%
EFHILMSHimself
12%
BENNORWNewborn
11%
CDEEIOSDiocese
8%
AEHLNOTEthanol
7%
BCEIMORMicrobe
4%
BEHOORTTheorbo
2%

Score Distribution

Percentile by Number Answered

Percent of People with Each Score

Your Score History

You have not taken this quiz